Gymnastique quiz - Statistiques

Statistiques générales
  • Ce quiz a été pris 960 fois
  • Le résultat moyen est 6 sur 10
Statistiques - réponses
Questions Réponses % Correct
Une chute de l'agrès fait perdre combien de point à la gymnaste ? 1
95%
Comment s'appelle la gymnastique avec agrès ? gymnastique artistique
80%
Comment s'appelle le sol en gym ? Praticable
70%
Quel largeur fait une poutre ? 10 cm
66%
Comment appelle-t-on un appui uniquement sur les mains ? ATR
62%
Qu'est-ce que la GAM ? Gymnastique Artistique Masculine
59%
Les degrés imposés vont jusqu'au degré combien ? 6
51%
Comment appelle-t-on au saut, un saut qui consiste à monter en flip surla table de saut puis faire un salto arrière yurchenko
42%
Qui est la première gymnaste à avoir eu un 10/10 ? Nadia Comaneci
38%
Quelle gymnaste a remporté 6 titres mondiaux ? Simones Biles
34%
Aucun quiz correspondant
Distribution des résultats
% des personnes avec chaque résultat
Percentile par nombre de réponses
Votre historique - résultats
Vous n’avez pas pris ce quiz